000 00775nam a22002657a 4500
001 14510
003 BD-RjUL
005 20211208235636.0
008 140206r20021974ii a|||| |||| 001 0 eng d
020 _a8121903661
035 _a(BD-RjUL)14562
040 _aBD-RjUL
_beng
_cBD-RjUL
041 _aeng
082 0 4 _223
_a571.6
_bVEC 2002
100 1 _aVerma,P S
_945244
245 _aCell Biology, Genetics, Molecular Biology, Evolution and Ecology /
_cP S Verma and V.K. Agarwal
250 _a14th ed
260 _aNew Delhi :
_bChand & Company Ltd.,
_c1974 [Reprinted 2002]
300 _axv, 256p :
_bill. ;
_c25cm.
504 _aIncludes Index
650 0 _a Cytology.
_945245
650 0 _aGenetics
_9215066
700 _aAgarwal, V.K.
_9210120
942 _2ddc
_cBK
999 _c14510
_d14510